000 005410000a22001930004500
999 _c47460
_d47460
001 203
003 CO-MdFUSB
005 20171115180508.0
008 171115b xxu||||| |||| 00| 0 eng d
020 _a958-28-0263-4
040 _cCO-MdBIC
082 0 4 _a863N V594i
100 1 _aVerne, Julio ( 1828-1870 )
245 1 0 _aLa Isla Misteriosa / Julio Verne, traduccíon: Genoveva Bernard de Ferrer
260 _aSanta Fé de Bogotá : Bruguera
300 _a236 P.
500 _aEn contra portada, titulos, obras del autor
942 _cLGB